[Event "Olongapo City Puregold op-B"]
[Site "Olongapo City"]
[Date "2015.11.19"]
[Round "5"]
[White "Ansay, Lynux Louie"]
[Black "Quizon, Daniel"]
[Result "0-1"]
[WhiteElo "1738"]
[BlackElo "1661"]
[PlyCount "94"]
[EventDate "2015.11.17"]
[EventType "swiss"]
[EventRounds "9"]
[EventCountry "PHI"]
[SourceTitle "EXT 2017"]
[Source "ChessBase"]
[SourceDate "2016.10.25"]
[SourceVersion "1"]
[SourceVersionDate "2016.10.25"]
[SourceQuality "1"]

1. e4 c5 2. Nf3 e6 3. d4 cxd4 4. Nxd4 a6 5. Bd3 Qc7 6. Nc3 Nf6 7. f3 d6 8. Be3 Be7 9. Qd2 b5 10. a3 Bb7 11. 0-0 Nbd7 12. Kh1 0-0 13. Rac1 Rfd8 14. Qe2 Rac8 15. f4 Bf8 16. f5 e5 17. Nf3 Re8 18. Bg5 d5 19. h3 h6 20. Bh4 Qc6 21. Nd2 dxe4 22. Bxe4 Nxe4 23. Ndxe4 Nc5 24. Rfe1 Nxe4 25. Nxe4 Qxe4 26. Qxe4 Bxe4 27. Rxe4 f6 28. b4 Rc3 29. Rg4 Kf7 30. Rg3 Rec8 31. Kg1 h5 32. Rxc3 Rxc3 33. Be1 Rxa3 34. c4 Rb3 35. c5 Ke8 36. Rd1 Rb2 37. Bc3 Rc2 38. Rd3 Be7 39. Bd2 a5 40. bxa5 Bxc5+ 41. Kf1 e4 42. Rc3 Rxc3 43. Bxc3 b4 44. Bd2 Kd7 45. Ke2 Kc6 46. a6 Kb5 47. Bxb4 Kxb4 0-1